00235nam a22001097a 4500020001500000082000800015100002400023245001500047250001300062260004100075300000900116 a0072363967 a150 aKaren G. Duffy (ed) aPsychology a30th ed. aGuilfordbDushkin mcGraw Hillc2000. a229p